000 01361nam a2200313 a 4500
008
020 _a929066309X (pbk.)
049 _aMAIN
090 0 1 _aSB351.P3
111 _aSustainable groundnut production in Southern Africa(
_d1994 July 5-7 :
_cMbabane, Swaziland.)
245 0 0 _aSustainable groundnut production in southern and eastern Africa :
_bproceedings of a workshop, 5-7 Jul 1994, Mbabane, Swaziland /
_cedited by B.J. Ndunguru, G.L. Hildebrand, and P. Subrahmanyam.
260 _aPatancheru, Andhra Pradesh, India :
_bInternational Crops Research Institute for the Semi-Arid Tropics,
_c1994.
300 _a157 p. :
_bill. ;
_c24 cm.
504 _aIncludes bibliographical references.
546 _aAbstract in English and Portuguese.
650 0 _aPeanuts
_zAfrica, Eastern
_vCongresses.
650 0 _aPeanuts
_zAfrica, Southern
_vCongresses.
650 0 _aSustainable agriculture
_zAfrica, Eastern
_vCongresses.
650 0 _aSustainable agriculture
_zAfrica, Southern
_vCongresses.
700 1 _aNdunguru, B. J.
700 1 _aHildebrand, G. L.
700 1 _aSubrahmanyam, P.
710 2 _aInternational Crops Research Institute for the Semi-arid Tropics.
907 _a.b10130342
_b16-08-04
_c09-07-04
003
005 20230123133754.0
040 _cNUST
942 _cBOOKS
_kSB351.P3
999 _c154362
_d154362